Stardew Valley Crops - Statistics

General Stats
  • This quiz has been taken 355 times
    319 since last reset
  • The average score is 25 of 47
Answer Stats
Answer % Correct
Pumpkin
92%
Parsnip
87%
Melon
86%
Blueberry
83%
Potato
83%
Corn
81%
Starfruit
78%
Wheat
77%
Strawberry
76%
Ancient Fruit
73%
Carrot
72%
Cauliflower
72%
Green Bean
69%
Grape
66%
Cranberries
61%
Sunflower
61%
Powdermelon
60%
Tomato
58%
Hops
57%
Unmilled Rice
57%
Eggplant
54%
Kale
54%
Broccoli
53%
Hot Pepper
51%
Tulip
49%
Summer Squash
47%
Amaranth
46%
Beet
46%
Poppy
45%
Yam
45%
Blue Jazz
44%
Garlic
44%
Sweet Gem Berry
43%
Coffee Bean
41%
Pineapple
41%
Fairy Rose
40%
Radish
38%
Rhubarb
37%
Red Cabbage
36%
Qi Fruit
33%
Artichoke
31%
Summer Spangle
31%
Cactus Fruit
30%
Bok Choy
27%
Taro Root
25%
Tea Leaves
21%
Fiber
13%
No matching quizzes found
Score Distribution
Percent of People with Each Score
Percentile by Number Answered
Your Score History
You have not taken this quiz since the last reset